H Subdivisions - Hard - Statistics

General Stats
  • This quiz has been taken 15 times
    6 since last reset
  • The average score is 50 of 105
Answer Stats
Hint Subdivision Type Answer % Correct
Saudi Arabia Region Hail
100%
Bhutan District Haa
50%
Tonga Province Ha'apai
50%
Maldives Atoll Haddhunmathi (Laamu)
50%
Chad Province Hadjer-Lamis
50%
Yemen Governorate Hadramaut
50%
Iceland Municipality Hafnarfjörður
50%
Israel District Haifa
50%
China Province Hainan
50%
Vietnam City Haiphong
50%
Slovenia Municipality Hajdina
50%
Hungary County Hajdú-Bihar
50%
Azerbaijan District Hajigabul
50%
Yemen Governorate Hajjah
50%
Türkiye Province Hakkâri
50%
Iraq Governorate Halabja
50%
Sweden County Halland
50%
Syria Governorate Hama
50%
Iran Province Hamadan
50%
Germany State Hamburg
50%
Vietnam City Hanoi
50%
Jamaica Parish Hanover
50%
Zimbabwe Province Harare
50%
Ethiopia Region Harari
50%
Bahamas District Harbour Island
50%
Namibia Region Hardap
50%
Romania County Harghita
50%
Estonia County Harju
50%
India State Haryana
50%
Bulgaria Province Haskovo
50%
Türkiye Province Hatay
50%
Vietnam Province Hà Tĩnh
50%
Palau State Hatohobei
50%
Dominican Republic Province Hato Mayor
50%
Central African Republic Prefecture Haute-Kotto
50%
Democratic Republic of the Congo Province Haut-Katanga
50%
Democratic Republic of the Congo Province Haut-Lomami
50%
Central African Republic Prefecture Haut-Mbomou
50%
Gabon Province Haut-Ogooué
50%
Burkina Faso Region Hauts-Bassins
50%
France Region Hauts-de-France
50%
Democratic Republic of the Congo Province Haut-Uele
50%
United States State Hawaii
50%
Kuwait Governorate Hawalli
50%
China Province Hebei
50%
Palestine Governorate Hebron
50%
China Province Heilongjiang
50%
Papua New Guinea Province Hela
50%
China Province Henan
50%
Afghanistan Province Herat
50%
Montenegro Municipality Herceg Novi
50%
Costa Rica Province Heredia
50%
Dominican Republic Province Hermanas Mirabal
50%
Panama Province Herrera
50%
Germany State Hesse
50%
Hungary County Heves
50%
Eswatini Region Hhohho
50%
Mexico State Hidalgo
50%
Indonesia Province Highland Papua
50%
Estonia County Hiiu
50%
India State Himachal Pradesh
50%
Moldova District Hîncești
50%
Japan Prefecture Hiroshima
50%
Somalia State Hirshabelle
50%
Vietnam City Ho Chi Minh
50%
Mauritania Region Hodh Ech Chargui
50%
Mauritania Region Hodh El Gharbi
50%
Slovenia Municipality Hodoš
50%
Uganda District Hoima
50%
Japan Prefecture Hokkaido
50%
Cuba Province Holguín
50%
Poland Voivodeship Holy Cross
50%
Kenya County Homa Bay
50%
Syria Governorate Homs
50%
China Special Administrative Region Hong Kong
50%
Iceland Municipality Hörgársveit
50%
Slovenia Municipality Horjul
50%
Iran Province Hormozgan
50%
Iceland Municipality Hornafjörður
50%
Czechia Region Hradec Králové
50%
Iceland Municipality Hrunamannahreppur
50%
Taiwan City Hsinchu
50%
Taiwan County Hsinchu
50%
Vietnam City Huế
50%
Taiwan County Hualien
50%
Angola Province Huambo
50%
Peru Department Huancavelica
50%
Peru Department Huánuco
50%
China Province Hubei
50%
Guatemala Department Huehuetenango
50%
Angola Province Huíla
50%
Colombia Department Huila
50%
Iceland Municipality Húnabyggð
50%
China Province Hunan
50%
Iceland Municipality Húnaþing vestra
50%
Romania County Hunedoara
50%
Vietnam Province Hưng Yên
50%
Iceland Municipality Hvalfjarðarsveit
50%
Japan Prefecture Hyōgo
50%
Afghanistan Province Helmand
0%
Slovenia Municipality Hoče-Slivnica
0%
Laos Province Houaphanh
0%
Slovenia Municipality Hrastnik
0%
Slovenia Municipality Hrpelje-Kozina
0%
Iceland Municipality Hveragerði
0%
No matching quizzes found
Score Distribution
Percent of People with Each Score
Percentile by Number Answered
Your Score History
You have not taken this quiz since the last reset